|
|
|
|
| LEADER |
01189nam a22002537a 4500 |
| 001 |
30317 |
| 003 |
BD-DhAAL |
| 005 |
20250625163454.0 |
| 008 |
180521s2015 bg a|||| |||| 00| 0 eng d |
| 040 |
|
|
|a BD-DhAAL
|c BD-DhAAL
|
| 082 |
|
|
|2 22
|a 307.1412095492
|
| 245 |
|
|
|a BRAC Afghanistan :
|k annual report
|g 2014.
|
| 260 |
|
|
|a Dhaka :
|b BRAC,
|c 2015.
|
| 300 |
|
|
|a 89 pages :
|b illustrations ;
|c 28 cm
|
| 526 |
|
|
|a BRAC
|
| 541 |
|
|
|a Complimentary copy from BRAC
|e 30317, 32790
|
| 610 |
|
|
|a BRAC
|9 14405
|
| 650 |
|
|
|a Rural development
|z Bangladesh.
|9 14406
|
| 710 |
|
|
|a BRAC
|9 14405
|
| 852 |
|
|
|a Ayesha Abed Library
|c BRAC Resource Section
|
| 942 |
|
|
|2 ddc
|c BK
|
| 999 |
|
|
|c 36001
|d 36001
|
| 952 |
|
|
|0 0
|1 0
|2 ddc
|4 0
|6 307_141209549200000_BRA
|7 1
|8 RPT
|9 56565
|a BRACUL
|b BRACUL
|c BRS
|d 2015-11-02
|e Complimentary copy from BRAC
|l 0
|o 307.1412095492 BRA
|p 3010030317
|r 2015-11-02
|t 1
|w 2015-11-02
|y BK
|x Complimentary copy from BRAC ; price not available in register
|
| 952 |
|
|
|0 0
|1 0
|2 ddc
|4 0
|6 307_141209549200000_BRA
|7 1
|8 RPT
|9 63347
|a BRACUL
|b BRACUL
|c BRS
|d 2015-11-02
|e Complimentary copy from BRAC
|l 0
|o 307.1412095492 BRA
|p 3010032790
|r 2018-05-21
|t 2
|w 2015-11-02
|y BK
|x Complimentary copy from BRAC ; price not available in register
|